Central Library OPAC University of Rajshahi

The autobiography of Benjamin Franklin / (Record no. 27680)

MARC details
000 -LEADER
fixed length control field 01009cam a22003011a 4500
001 - CONTROL NUMBER
control field 27680
003 - CONTROL NUMBER IDENTIFIER
rucl marc code BD-RjUL
005 - DATE AND TIME OF LATEST TRANSACTION
control field 20211209051204.0
008 - FIXED-LENGTH DATA ELEMENTS--GENERAL INFORMATION
fixed length control field 140325s1944 nyuach 000 0aeng
035 ## - SYSTEM CONTROL NUMBER
System control number (BD-RjUL)27759
System control number (OCoLC)303316
040 ## - CATALOGING SOURCE
Original cataloging agency DLC
Transcribing agency ODaU
Modifying agency OCoLC
-- PPiU
-- DLC
Language of cataloging eng
041 ## - LANGUAGE CODE
Language code of text/sound track or separate title eng
082 00 - DEWEY DECIMAL CLASSIFICATION NUMBER
Classification number 973.3092
-- B
Author mark and year FRA 1944
100 1# - MAIN ENTRY--PERSONAL NAME
Personal name Franklin, Benjamin,
Dates associated with a name 1706-1790.
9 (RLIN) 85013
245 14 - TITLE STATEMENT
Title The autobiography of Benjamin Franklin /
Statement of responsibility, etc. Benjamin Franklin.
260 ## - PUBLICATION, DISTRIBUTION, ETC. (IMPRINT)
Place of publication, distribution, etc. New York :
Name of publisher, distributor, etc. RANDOM HOUS,
Date of publication, distribution, etc. c1944
300 ## - PHYSICAL DESCRIPTION
Pagination 264 p. :
Illustrations ill. ;
Size 20 cm.
490 0# - SERIES STATEMENT
Series statement Classics Club library
500 ## - GENERAL NOTE
General note "Edited, with introduction and notes, by Gordon S. Haight."
General note "The continuation of Benjamin Franklin's life (1760-1790) by Alan V. McGee": p. 271-300.
600 10 - SUBJECT ADDED ENTRY--PERSONAL NAME
Personal name Franklin, Benjamin,
Dates associated with a name 1706-1790.
700 1# - ADDED ENTRY--PERSONAL NAME
Personal name Haight, Gordon Sherman.
Personal name McGee, Alan V.
942 ## - ADDED ENTRY ELEMENTS (KOHA)
Source of classification or shelving scheme Dewey Decimal Classification
Koha item type Books
Holdings
Lost status Source of classification or shelving scheme Damaged status Not for loan Collection code Permanent Location Current Location Shelving location Date acquired Source of acquisition Cost, normal purchase price Total Checkouts Full call number Date last seen Copy number Koha item type
  Dewey Decimal Classification   Added to bundle Non-fiction Central Library, University of Rajshahi Central Library, University of Rajshahi Reading Room 25/02/1958 U.S.I.S dacca 0.00   973.3092 FRA 1944 25/03/2014 C-1 Books